000 00626nam a2200205Ia 4500
003 GCL
008 140319s9999 xx 000 0 ara d
040 _aGCL /
_cGCL
082 0 4 _a810.9
_bم ت
100 1 _aمصطفى عبدالغنى
245 1 0 _aتحولات طه حسين /
_cمصطفى عبدالغنى
260 _a[S.N] :
_bالهيئة المصرية العامة للكتاب ،
_c1990
300 _a147 ص
490 _aدراسات ادبية
_v0
650 0 4 _aالادب العربى
650 0 4 _aالعصر الحديث
650 0 4 _aطه حسين
650 0 4 _aتاريخ ونقد
942 _2ddc
_cBK
999 _c28991
_d28991